| 000 | 00664nam a2200241Ia 4500 | ||
|---|---|---|---|
| 003 | OSt | ||
| 005 | 20221007110904.0 | ||
| 006 | a|||||r|||| 00| 0 | ||
| 007 | ta | ||
| 008 | 221006b |||||||| |||| 00| 0 eng d | ||
| 024 | _a22,069 | ||
| 037 | _cTextual | ||
| 040 |
_aLCO _cLCO _beng |
||
| 041 |
_2eng _aeng |
||
| 082 | _aX72991:(Z), L4 | ||
| 100 | _aDatta C.R. | ||
| 245 | 0 |
_aEstate Duty _b Commentary on the Estate Duty Act (34 of 1953) |
|
| 260 |
_aCalcutta _bEastern Law House India _c1974 |
||
| 300 | _a383+294 | ||
| 650 |
_aESTATE DUTY _9243145 |
||
| 942 |
_hX72991:(Z), L4 _cTEXL |
||
| 999 |
_c1191632 _d1191632 |
||